000 00603cam a22002053a 4500
001 39220
003 PGUSA
005 20140828083854.0
008 120321s2012||||xxu|||||s|||||000 | eng d
040 _aPGUSA
_beng
042 _adc
100 1 _aBrantôme, Pierre de Bourdeille,
_d-1614
245 1 0 _aVies des dames galantes
_h[electronic resource] /
_cPierre de Bourdeille Brantôme
260 _bProject Gutenberg,
_c2012
506 _aPublic domain in the USA.
516 _aElectronic text
830 0 _aProject Gutenberg
_v39220
856 4 0 _uhttp://www.gutenberg.org/ebooks/39220
942 _cEB
999 _c268473
_d268473